Helah raja yang jahat

Bibliographic Details
Format: Book
Published: Selangor : Penerbitan PCT , 2006
Series:Siri sastera mitos antara benua
Subjects:

MARC

LEADER 00000cam a2200000 7i4500
001 0000000612
005 20151222.0
008 070702
020 |a 983324128X 
090 0 0 |a JF   |b MAL 
245 1 0 |a Helah raja yang jahat   |c diceritakan semula oleh Salmah Haji Alwi 
260 |a Selangor :   |b Penerbitan PCT ,   |c 2006 
440 |a Siri sastera mitos antara benua 
500 |a Children ages 10-12 years old (pink) 
650 0 |a Malay fiction 
999 |a 0000917937   |b Book   |c Children Collection   |e Cawangan Bukit Gambir 
999 |a 0000917938   |b Book   |c Children Collection   |e Cawangan Bukit Gambir 
999 |a 0000917939   |b Book   |c Children Collection   |e Cawangan Bukit Gambir 
999 |a 0000927151   |b Book   |c Children Collection   |e Cawangan Tangkak 
999 |a 0000927152   |b Book   |c Children Collection   |e Cawangan Tangkak 
999 |a 0000957267   |b Book   |c Children Collection   |e Cawangan Taman Sri Lambak 
999 |a 0000957268   |b Book   |c Children Collection   |e Cawangan Sri Merlong 
999 |a 0000957269   |b Book   |c Children Collection   |e Cawangan Bandar Penawar 
999 |a 0000971659   |b Book   |c Teenagers   |e Cawangan Bukit Gambir 
999 |a 0000971660   |b Book   |c Children Collection   |e Cawangan Tangkak